ბათუმის შოთა რუსთაველის სახელმწიფო უნივერსიტეტის ბიბლიოთეკა

Справочник молодого армартуршика-бетонщика. (ბიბ.ჩანაწერი № 41430)

000 -LEADER
fixed length control field 00720nam a2200217Ia 4500
001 - CONTROL NUMBER
control field 8092
003 - CONTROL NUMBER IDENTIFIER
control field GE_BSU
008 - FIXED-LENGTH DATA ELEMENTS--GENERAL INFORMATION
fixed length control field 181216s||||||||xx |||||||||||||| ||und||
040 ## - CATALOGING SOURCE
Transcribing agency GE_BSU
080 ## - UNIVERSAL DECIMAL CLASSIFICATION NUMBER
Universal Decimal Classification number 693(035.5)
100 ## - MAIN ENTRY--PERSONAL NAME
Personal name Кузьмин,К.Г. Горчаков,Г.И.
245 ## - TITLE STATEMENT
Title Справочник молодого армартуршика-бетонщика.
245 ## - TITLE STATEMENT
Statement of responsibility, etc. Ред.А.Л.Алексеева.
250 ## - EDITION STATEMENT
Edition statement Изд. 2-е. исправл. и дополненное.
260 ## - PUBLICATION, DISTRIBUTION, ETC.
Place of publication, distribution, etc. М.
260 ## - PUBLICATION, DISTRIBUTION, ETC.
Name of publisher, distributor, etc. Высш.школа.
260 ## - PUBLICATION, DISTRIBUTION, ETC.
Date of publication, distribution, etc. 1975.
300 ## - PHYSICAL DESCRIPTION
Extent 288 стр.20 см.с илл.
653 ## - INDEX TERM--UNCONTROLLED
Uncontrolled term Справочник молодого армартуршика-бетонщика.
942 ## - ADDED ENTRY ELEMENTS (KOHA)
Koha item type წიგნი
ეგზემპლარები
Withdrawn status Lost status Damaged status Not for loan Date acquired Barcode Date last seen Price effective from Koha item type
        2018-12-17 10005 2018-12-17 2018-12-17 წიგნი
        2018-12-17 9801 2018-12-17 2018-12-17 წიგნი